000 01052cad a22002535a 4500
001 L158873
008 121219e2015 xxk 000 0 eng d
035 _a(Sirsi) u158873
041 0 _aeng
100 1 _aPilling, David
245 0 0 _aGood for consumers - good for business
_h[electronic resource]
260 _c2015
490 _aRICS Property Journal
_vSeptember-October 2015, 40-41(2)
520 _aDiscusses alternative dispute resolution for property and the changing landscape. Focuses on Ombudsman Services: Property (OS:P) an its role as a quick, simple and cost-effective solution for property complaints.
650 2 4 _aALTERNATIVE DISPUTE RESOLUTION
650 2 4 _aCONFLICT RESOLUTION
650 2 4 _aOMBUDSMAN SCHEME
650 2 4 _aCOMPLAINTS HANDLING PROCEDURES
651 4 _aUnited Kingdom
_y
690 _aDispute resolution
_96236
710 _aRoyal Institution of Chartered Surveyors
_94900
856 4 0 _uhttps://issuu.com/ricsmodus/docs/property_journal_september_october_
_zAvailable free online via Issuu
942 _n0
_2ddc
999 _c84719
_d84719